000
00276nam a2200121Ia 4500
005
20251222143248.0
008
251222s9999||||xx |||||||||||||| ||spa||
082
_a
760/I61
245
0
_a
Joyas Reales de Sipán
250
_a
1ra.ed.
264
_b
Graph y Consult
942
_c
LIB
999
_c
14857
_d
14857